Famous Slavic People - Statistics

General Stats
  • This quiz has been taken 404 times
  • The average score is 11 of 20
Answer Stats
Clue Slavic Person % Correct
The first woman to win a Nobel Prize. Marie Curie
85%
First lady of the US since 2017. Melania Trump
83%
The first man in outher space. Yuri Gagarin
82%
Author of "War and Piece" novel. Leo Tolstoy
78%
President of Yugoslavia from 1953 to 1980. Josip Broz Tito
77%
Last leader of the Soviet Union. Mikhail Gorbachev
77%
Mystical adviser in the court of tzar Nicholas II. Grigori Rasputin
72%
The first non-italian pope since 16th century. John Paul II
65%
Famous for his heliocentric theory. Nicolaus Copernicus
65%
Designer of modern alternating current. Nikola Tesla
65%
"Swan Lake" composer. Pyotr Ilyich Tchaikovsky
64%
Creator of first periodic table of elements. Dmitri Mendeleev
57%
He shot archduke Ferdinand in 1914. Gavrilo Princip
55%
Author of "The Trial". Franz Kafka
45%
Fomer ATP No.1 (winner of French Open 2016). Novak Djoković
41%
Millitary leader, national hero of Poland and comander in US Revolutionary War. Tadeusz Kościuszko
24%
Hebroke the world record for men's pole vault 35 times. Sergey Bubka
21%
Leader of army in Battle of Vienna. John III Sobieski
18%
"Grandmother of performance art". Marina Abramović
13%
Dr. Steelhammer. Wladimir Klitschko
10%
No matching quizzes found
Score Distribution
Percent of People with Each Score
Percentile by Number Answered
Your Score History
You have not taken this quiz